[Event "FRA-ch U18 Girls"]
[Site "Saint Paul Trois Chateaux"]
[Date "2013.05.04"]
[Round "7"]
[White "Granger, Alexia"]
[Black "Suescun, Melanie"]
[Result "1/2-1/2"]
[WhiteElo "1231"]
[BlackElo "1554"]
[PlyCount "89"]
[EventDate "2013.04.28"]
[EventType "swiss"]
[EventRounds "9"]
[EventCountry "FRA"]
[SourceTitle "CBM 154 Extra"]
[Source "ChessBase"]
[SourceDate "2013.06.25"]
[SourceVersion "2"]
[SourceVersionDate "2013.06.25"]
[SourceQuality "1"]

1. e4 e5 2. Nf3 Nc6 3. Bb5 a6 4. Ba4 Nf6 5. 0-0 b5 6. Bb3 Be7 7. Re1 d6 8. c3 Na5 9. d4 exd4 10. cxd4 Nxb3 11. Qxb3 Bb7 12. d5 0-0 13. Bf4 Qd7 14. a4 c6 15. Nc3 Rfd8 16. dxc6 Bxc6 17. Nd4 bxa4 18. Nxa4 Bxa4 19. Qxa4 Qb7 20. Nc6 Rdc8 21. Nxe7+ Qxe7 22. Qa3 Qb7 23. Rad1 Nxe4 24. Bxd6 Nxd6 25. Rxd6 h6 26. h3 Rc2 27. Ra1 Rxb2 28. Rxa6 Rxa6 29. Qxa6 Rb1+ 30. Kh2 Qxa6 31. Rxa6 Rb2 32. Kg3 Kh7 33. f4 g6 34. Kf3 Rb3+ 35. Kg4 Kg7 36. Kh4 Rb4 37. g3 Rc4 38. Kg4 Rc3 39. Rb6 Ra3 40. Rc6 Rb3 41. Ra6 Rc3 42. Rb6 Ra3 43. Rc6 Rb3 44. Ra6 Rc3 45. Rb6 1/2-1/2

[Event "FRA-ch U18 Girls"]
[Site "Saint Paul Trois Chateaux"]
[Date "2013.04.28"]
[Round "1"]
[White "Abbassi, Zeyneb"]
[Black "Granger, Alexia"]
[Result "1-0"]
[WhiteElo "1584"]
[BlackElo "1231"]
[PlyCount "73"]
[EventDate "2013.04.28"]
[EventType "swiss"]
[EventRounds "9"]
[EventCountry "FRA"]
[SourceTitle "CBM 154 Extra"]
[Source "ChessBase"]
[SourceDate "2013.06.25"]
[SourceVersion "2"]
[SourceVersionDate "2013.06.25"]
[SourceQuality "1"]

1. d4 d5 2. Nf3 Nc6 3. Bf4 Bf5 4. e3 Nf6 5. Bb5 e6 6. Ne5 Rc8 7. Nxc6 bxc6 8. Bxc6+ Nd7 9. 0-0 Rb8 10. b3 Be7 11. Nd2 0-0 12. c4 Ba3 13. Qe2 Rb6 14. cxd5 Nb8 15. Nc4 Rxc6 16. dxc6 Be7 17. Qf3 Re8 18. Rac1 Na6 19. a3 Qd5 20. Qxd5 exd5 21. Ne5 f6 22. Nf3 Rc8 23. Rfd1 Nb8 24. b4 Bg4 25. h3 Bh5 26. g4 Bg6 27. Rc3 Be4 28. Nd2 Bg6 29. Nf1 Be8 30. b5 a6 31. a4 g5 32. Bh2 Bg6 33. Ng3 Bd6 34. Nf5 Bf8 35. Kf1 h5 36. Ke2 Bxf5 37. gxf5 1-0